No longer business as usual fighting bribery and corruption
Salvato in:
| Natura: | Libro |
|---|---|
| Lingua: | inglese |
| Pubblicazione: |
Paris
OECD
2000
|
| Serie: | Governance
|
| Soggetti: | |
| Tags: |
Nessun Tag, puoi essere il primo ad aggiungerne!!
|
MARC
| LEADER | 00000nam$a2200000$$$4500 | ||
|---|---|---|---|
| 001 | 0037691 | ||
| 005 | 20240104132622.8 | ||
| 020 | |a 92-64-18530-5 | ||
| 041 | 0 | |a eng | |
| 044 | |a FR | ||
| 245 | 1 | 0 | |a No longer business as usual |b fighting bribery and corruption |
| 264 | 1 | |a Paris |b OECD |c 2000 | |
| 300 | |a 276 s. | ||
| 490 | 1 | |a Governance | |
| 830 | 0 | |a Governance | |
| 610 | 2 | 0 | |a korupcia |
| 610 | 2 | 0 | |a úplatkárstvo |
| 610 | 2 | 0 | |a vzťahy obchodné |
| 610 | 2 | 0 | |a podnikanie |
| 610 | 2 | 0 | |a pranie špinavých peňazí |
| 610 | 2 | 0 | |a obchod medzinárodný |